Statistics for The Lord of the Sith

Click here to take the quiz!

General Stats

  • This quiz has been taken 47 times
  • The average score is 20 of 66

Answer Stats

Answer% Correct
Darth Maul
100%
Darth Sidious
100%
Darth Vader
100%
Darth Revan
73%
Darth Tyranus
73%
Darth Bane
67%
Darth Malgus
67%
Darth Nihilus
67%
Darth Krayt
60%
Darth Sion
60%
Darth Traya
60%
Darth Vitiate
60%
Darth Malak
53%
Darth Plagueis
53%
Darth Tenebrous
47%
Exar Kun
47%
Darth Talon
40%
Naga Sadow
40%
Darth Caedus
33%
Darth Gravid
33%
Darth Zannah
33%
Marka Ragnos
33%
Ajunta Pall
27%
Darth Cognus
27%
Darth Millennial
27%
Darth Ruin
27%
Darth Vectivus
27%
Karness Muur
27%
Lady Lumiya
27%
Ludo Kressh
27%
Darth Acina
20%
Darth Andeddu
20%
Darth Bandon
20%
Darth Gean
20%
Darth Maladi
20%
Darth Marr
20%
Darth Nihl
20%
Darth Ravage
20%
Darth Rivan
20%
Darth Starkiller
20%
Darth Venamis
20%
Darth Vowrawn
20%
Darth Wyyrlock
20%
Freedon Nadd
20%
Lord Kaan
20%
Sorzus Syn
20%
Tulak Hord
20%
Dark Lord Belia Darzu
13%
Dark Underlord
13%
Darth Desolous
13%
Darth Phobos
13%
Darth Ramage
13%
Darth Ruyn
13%
Lord Kas'im
13%
Ulic Qel-Droma
13%
Darth Mortis
7%
Darth Nox
7%
Darth Stryfe
7%
Darth Wredd
7%
Flint
7%
Lord Kallig
7%
Lord Kopecz
7%
Lord Qordis
7%
Darth Guile
0%
Vergere
0%
XoXan
0%

Score Distribution

Percentile by Number Answered

Percent of People with Each Score

Your Score History

You have not taken this quiz